| 000 | 00405cam a2200169ua 4500 | ||
|---|---|---|---|
| 020 | _c1.75 | ||
| 041 |
_amal _h |
||
| 082 |
_a894.8121 _bWIL/AA |
||
| 100 | _aWilliam, J H . | ||
| 245 |
_aAana William / _cJ H Williams. _hTextual Documents |
||
| 260 |
_aErnakulam : _bIndustrial School press , _c1959. |
||
| 300 | _a184 ; . | ||
| 365 | _a1.75 | ||
| 504 | _a | ||
| 942 | _cBK | ||
| 999 |
_c6296 _d6296 |
||